000 00506nam a22001817a 4500
999 _c27261
_d27261
003 BDDh-ASL
005 20231015030738.0
008 211030s1919 ii ||||| |||| 00| 0 u d
040 _aBDDh-ASL
_cBDDh-ASL
082 _a954
_bKHT
100 1 _95496
_aKhan, Mohammad Najmul Gani
245 1 0 _aTarikh-e Awadh, Vol.-2,3 : / تاريخ آودہ
260 _aLucknow :
_bNawal Kishore ,
_c1919.
300 _a697 p. :
_c25 cm.
650 0 _91349
_aHistory
650 0 _95497
_aAwadh
942 _2ddc
_cBK